000 01321nam0a22003011 4500
001 RU\NLR\INFOCOMM_161\5000058683
005 20260406110506.0
035 _a(NLR Aleph) 009158019
090 _a8436295
_c8436295
100 _a20100129d1981 |||y0rusy50 ca
101 1 _arum
_crus
102 _aRU
105 _ay ||||000|y
200 1 _aScopul nostru este pacea şi socialismul
_eLuările de cuvînt şi articolele din anul 1980 ale tovarăşului L. I. Brejnev, Secretar General al C. C. al P. C. U. S., Preşedintele Prezidiului Sovietului Suprem al U. R. S. S.
_f[Trad. Sergiu Goldner]
210 _aΜ.
_cEd. Agenţiei de presă "Novosti"
_d1981
215 _a143 с.
_d21 см
300 _aВ вып. дан.: Наш курс - мир и социализм / Леонид Ильич Брежнев
601 0 2 _aКПСС
_xИстория
_jДокументы и материалы
_2nlr_sh1
606 _aКоммунистическое строительство
_yСССР
_2nlr_sh1
686 _aФ61(2)2, 012
_2rubbk
686 _aФ61(2)273-4, 012
_2rubbk
686 _aТ3(2)73
_2rubbk
700 1 _4070
_8rus
_7ca
_aBrežnev
_bL. I.
_f1906-1982
_gLeonid Il'ič
_3RU\NLR\AUTH\77109814
_992739
801 1 _aRU
_bNLR
_c20100129
801 0 _aRU
_bNLR
_gPSBO
852 _aNLR
_jИр51 Д-3/277
942 _cBOOK
980 _aNB